| 000 | 00763nam a2200241 i 4500 | ||
|---|---|---|---|
| 001 | 27564 | ||
| 003 | ES-MaACL | ||
| 005 | 20250311122621.0 | ||
| 007 | t| | ||
| 008 | 030115s1943 sp |||| |bspa d | ||
| 080 | _a929 Hauser, Kaspar | ||
| 100 | 0 |
_aAubry, Octave. _d1881-1946 _923828 |
|
| 245 | 1 | 0 |
_aGaspar Hauser : _bel huérfano de Europa / _cOctave Aubry ; traducción de J.L.B. |
| 260 |
_aBarcelona : _bCaralt, _c[1943] ( _fImp. Casa Provicial de Caridad) |
||
| 300 |
_a193 p. ; _c20 cm. |
||
| 600 | 1 | 4 |
_aHauser, Kaspar ( _d1812-1833) _962114 |
| 650 | 4 |
_aNiños salvajes. _9160680 |
|
| 700 | 1 |
_aJ. L. B. _965770 |
|
| 852 |
_aES-MaACL _jF-15929 |
||
| 852 |
_aEs-MaACL _jG-16047 _9204741 _cDEPO2 |
||
| 942 | _2udc | ||
| 999 |
_c27564 _d27564 |
||